Algoritmo de segmentación de imágenes de intensidad basado en una umbralización por máxima verosimilitud usando distribuciones de probabilidad gamma de cuatro parámetros
Պահպանված է:
| Հիմնական հեղինակ: | |
|---|---|
| Այլ հեղինակներ: | |
| Ձևաչափ: | Գիրք |
| Լեզու: | Spanish |
| Հրապարակվել է: |
[San José, Costa Rica]
2014
|
| Խորագրեր: | |
| Ցուցիչներ: |
Ավելացրեք ցուցիչ
Չկան պիտակներ, Եղեք առաջինը, ով նշում է այս գրառումը!
|
MARC
| LEADER | 00000nam a22000007a 4500 | ||
|---|---|---|---|
| 003 | 011922 | ||
| 005 | 20230816134917.0 | ||
| 008 | 150313b2014 cr a|||| |||| 00| ||spa d | ||
| 040 | |c cru CEDI | ||
| 100 | |9 1082 |a Ford González, Peter de, 1987- | ||
| 245 | |a Algoritmo de segmentación de imágenes de intensidad basado en una umbralización por máxima verosimilitud usando distribuciones de probabilidad gamma de cuatro parámetros | ||
| 260 | |a [San José, Costa Rica] |c 2014 | ||
| 500 | |a Laboratorio de Investigación en Procesamiento Digital de Imágenes y Visión Por Computador (IPCV-LAB) Tesis (licenciatura en ingeniería eléctrica)--Universidad de Costa Rica. Facultad de Ingeniería. Escuela de Ingeniería Eléctrica | ||
| 501 | |a Director de Tesis de Graduación: Dr.-Ing. Geovanni Martínez Castillo | ||
| 650 | |x PROCESAMIENTO DIGITAL DE IMAGENES |x PROCESAMIENTO DE IMAGENES |x DISTRIBUCION (TEORIA DE PROBABILIDADES) |x DISTRIBUCION DE GAUSS |x ALGORITMOS (COMPUTADORAS) |x PROBABILIDADES |9 454 | ||
| 700 | |9 1063 |a Martínez Castillo, Geovanni Arturo , 1965- |d Director del Proyecto Eléctrico | ||
| 942 | |c CEDI |h TFG 7088 |6 TFG_7088_000000000000000 | ||
| 999 | |c 13697 |d 13697 | ||
